Periodic Table 1-54 - Statistics

General Stats
  • This quiz has been taken 2,898 times
    2,896 since last reset
  • The average score is 41 of 54
Answer Stats
# Symbol Name of element % Correct
2 He Helium
98%
1 H Hydrogen
98%
3 Li Lithium
97%
5 B Boron
95%
6 C Carbon
95%
7 N Nitrogen
95%
8 O Oxygen
95%
4 Be Beryllium
90%
12 Mg Magnesium
89%
10 Ne Neon
88%
19 K Potassium
87%
14 Si Silicon
87%
11 Na Sodium
87%
18 Ar Argon
86%
20 Ca Calcium
85%
17 Cl Chlorine
85%
13 Al Aluminum
83%
16 S Sulfur
83%
22 Ti Titanium
82%
26 Fe Iron
81%
15 P Phosphorus
81%
30 Zn Zinc
81%
29 Cu Copper
80%
27 Co Cobalt
78%
36 Kr Krypton
78%
28 Ni Nickel
78%
21 Sc Scandium
77%
35 Br Bromine
76%
31 Ga Gallium
75%
54 Xe Xenon
75%
9 F Flourine
74%
25 Mn Manganese
74%
47 Ag Silver
74%
33 As Arsenic
73%
32 Ge Germanium
73%
24 Cr Chromium
72%
53 I Iodine
72%
37 Rb Rubidium
69%
39 Y Yttrium
69%
34 Se Selenium
67%
50 Sn Tin
67%
49 In Indium
62%
40 Zr Zirconium
62%
38 Sr Strontium
60%
48 Cd Cadmium
58%
45 Rh Rhodium
58%
46 Pd Palladium
56%
51 Sb Antimony
55%
42 Mo Molybdenum
53%
41 Nb Niobium
53%
52 Te Tellurium
53%
44 Ru Ruthenium
52%
43 Tc Technetium
51%
23 V Vandium
47%
No matching quizzes found
Score Distribution
Percent of People with Each Score
Percentile by Number Answered
Your Score History
You have not taken this quiz since the last reset